|
|
|
|
| LEADER |
00000nam2a2200000 4500 |
| 001 |
256898 |
| 005 |
20231101233144.0 |
| 035 |
|
|
|a (RuTPU)RU\TPU\book\279644
|
| 035 |
|
|
|a RU\TPU\book\98627
|
| 090 |
|
|
|a 256898
|
| 100 |
|
|
|a 20140411d1987 km y0rusy50 ca
|
| 101 |
0 |
|
|a rus
|
| 102 |
|
|
|a RU
|
| 105 |
|
|
|a y ad 000zy
|
| 200 |
0 |
|
|a Т. 39: Казахская ССР. Восточно-Казахстанская и Семипалатинская области. Период 1966-1970. Вып. 1. Опубликованные работы. Кн. 5
|
| 210 |
|
|
|d 1987
|
| 215 |
|
|
|a 424 с.
|
| 461 |
|
1 |
|0 (RuTPU)RU\TPU\book\58444
|t Геологическая изученность СССР
|f Академия Наук СССР. Комиссия по геологической изученности СССР; гл. ред. В. В. Тихомиров
|v Т. 39: Казахская ССР. Восточно-Казахстанская и Семипалатинская области. Период 1966-1970. Вып. 1. Опубликованные работы. Кн. 5
|d 1961-1988
|
| 606 |
1 |
|
|a Геологическая изученность
|y СССР
|2 stltpush
|3 (RuTPU)RU\TPU\subj\6035
|9 34000
|
| 610 |
1 |
|
|a Казахстан
|
| 610 |
1 |
|
|a Восточный Казахстан
|
| 610 |
1 |
|
|a Семипалатинская область
|
| 610 |
1 |
|
|a геологическое районирование
|
| 610 |
1 |
|
|a геологические исследования
|
| 610 |
1 |
|
|a опубликованные источники
|
| 610 |
1 |
|
|a рефераты
|
| 610 |
1 |
|
|a библиографические пособия
|
| 675 |
|
|
|a 55(47-57)
|v 3
|
| 675 |
|
|
|a 55(574.4)
|v 3
|
| 801 |
|
1 |
|a RU
|b 63413507
|c 20060306
|g PSBO
|
| 801 |
|
2 |
|a RU
|b 63413507
|c 20141210
|g PSBO
|
| 942 |
|
|
|c BK
|